[Event "Bangkok Olympiad Qual"]
[Site "Bangkok"]
[Date "2024.03.25"]
[Round "3"]
[White "Gnanasekar, Jai Adithya"]
[Black "Arunnuntapanich, Tinnakrit"]
[Result "1/2-1/2"]
[WhiteElo "1833"]
[BlackElo "2065"]
[PlyCount "165"]
[EventDate "2024.03.24"]
[EventType "swiss"]
[EventRounds "7"]
[EventCountry "THA"]
[SourceTitle "CB14_2024"]
[SourceDate "2024.04.01"]
[SourceVersion "1"]
[SourceVersionDate "2024.04.01"]
[SourceQuality "1"]

1. d4 Nf6 2. c4 g6 3. g3 Bg7 4. Bg2 d6 5. Nc3 0-0 6. Nf3 c5 7. d5 e5 8. 0-0 Na6 9. h3 Bd7 10. Be3 h6 11. Qc1 Kh7 12. Nd2 Qe7 13. Rb1 Nh5 14. g4 Nf4 15. Bxf4 exf4 16. Nf3 f5 17. gxf5 Bxf5 18. Ra1 Rae8 19. Qxf4 Bxc3 20. bxc3 Bxh3 21. Qg3 Bxg2 22. Kxg2 Rf5 23. e4 Rf6 24. Rh1 Kg7 25. Qh3 g5 26. Rae1 g4 27. Qg3 Rg8 28. Nh4 Qe5 29. Nf5+ Kh7 30. Qe3 Rgg6 31. Rb1 b6 32. a4 Nb8 33. a5 Nd7 34. Rh5 Qe8 35. Rbh1 Qf8 36. axb6 Nxb6 37. Ra1 Qf7 38. Rah1 Qf8 39. Qe2 Qe8 40. Qc2 Qa4 41. Qb1 Qxc4 42. Nxh6 Kg7 43. Nf5+ Kf8 44. Rh8+ Rg8 45. Rxg8+ Kxg8 46. Ne3 Qe2 47. Nf5 Qf3+ 48. Kg1 g3 49. fxg3 Qxc3 50. Qd1 Rg6 51. Ne7+ Kf7 52. Nxg6 Qxg3+ 53. Kf1 Qxg6 54. Qh5 Nc4 55. Qh7+ Qxh7 56. Rxh7+ Kf6 57. Rxa7 Nd2+ 58. Ke2 Nxe4 59. Kd3 Ng3 60. Rd7 Ke5 61. Rg7 Nf5 62. Rg5 Kf4 63. Rh5 Ke5 64. Kc4 Ke4 65. Kb5 Nd4+ 66. Kc4 Nf3 67. Rh6 Ne5+ 68. Kc3 Kxd5 69. Rh1 Kc6 70. Rh6 Ng4 71. Rg6 Ne3 72. Kd3 Nd5 73. Ke4 Nb6 74. Rh6 Na4 75. Rg6 Nc3+ 76. Kd3 Nd5 77. Ke4 Ne7 78. Rh6 c4 79. Re6 c3 80. Kd3 Nd5 81. Rh6 Kc5 82. Rh5 Kc6 83. Rh6 1/2-1/2

[Event "Asian Games tt"]
[Site "Hangzhou"]
[Date "2023.10.03"]
[Round "5.20"]
[White "Garcia, Jan Emmanuel"]
[Black "Arunnuntapanich, Tinnakrit"]
[Result "1/2-1/2"]
[WhiteElo "2418"]
[BlackElo "2098"]
[PlyCount "151"]
[EventDate "2023.09.29"]
[EventType "team-tourn"]
[EventRounds "9"]
[EventCountry "CHN"]
[SourceTitle "EXT 2024"]
[Source "ChessBase"]
[SourceDate "2023.10.10"]
[SourceVersion "1"]
[SourceVersionDate "2023.10.10"]
[SourceQuality "1"]
[WhiteTeam "Philippines"]
[BlackTeam "Thailand"]
[WhiteTeamCountry "PHI"]
[BlackTeamCountry "THA"]

1. c4 e5 2. g3 Nf6 3. Bg2 Bc5 4. Nc3 0-0 5. e3 Re8 6. Qc2 Nc6 7. a3 a5 8. Nf3 d6 9. 0-0 h6 10. Nh4 Bd7 11. b3 Qc8 12. Bb2 Bh3 13. f4 Bxg2 14. Kxg2 e4 15. h3 Qd7 16. Na4 Qe6 17. Kh2 h5 18. Qd1 Rad8 19. f5 Qe7 20. Bxf6 Qxf6 21. Qxh5 Re5 22. Nc3 Ne7 23. Qg4 d5 24. cxd5 Rdxd5 25. Nxd5 Nxd5 26. b4 Be7 27. bxa5 Qa6 28. Rf2 Nf6 29. Qe2 Qxa5 30. Qc4 Rd5 31. Qa2 Bd6 32. Rg1 b5 33. Kh1 b4 34. g4 Qxa3 35. Qc4 Rc5 36. Qe2 Qd3 37. g5 Qxe2 38. Rxe2 Nh5 39. Ree1 Rc2 40. Rb1 Ng3+ 41. Rxg3 Bxg3 42. Rxb4 Bxh4 43. g6 fxg6 44. fxg6 Kf8 45. Rxe4 Bf6 46. d4 Be7 47. h4 Bd6 48. Kg1 Bg3 49. h5 Bh2+ 50. Kf1 Bd6 51. Rg4 Rh2 52. Rg5 Ke7 53. Rf5 Ke6 54. e4 Rh4 55. d5+ Kd7 56. e5 Be7 57. Kf2 Rd4 58. Ke3 Rg4 59. Rf7 Rg5 60. Kf4 Rxh5 61. Rxg7 Rh4+ 62. Kf5 Rh5+ 63. Kf4 Rh4+ 64. Kf5 Rh5+ 65. Kf4 Rh1 66. Rg8 Rf1+ 67. Ke4 Rf2 68. g7 Rg2 69. Kf5 Bd8 70. Ke4 Rg4+ 71. Kf5 Rg1 72. Ke4 Be7 73. Kf5 Rf1+ 74. Ke4 Rg1 75. Kf5 Rg2 76. Ke4 1/2-1/2

[Event "Olympiad-44"]
[Site "Chennai"]
[Date "2022.08.01"]
[Round "4.3"]
[White "Kolliemelen, Daniel"]
[Black "Arunnuntapanich, Tinnakrit"]
[Result "0-1"]
[WhiteElo "1870"]
[BlackElo "2117"]
[PlyCount "122"]
[EventDate "2022.07.29"]
[EventType "team-swiss"]
[EventRounds "11"]
[EventCountry "IND"]
[SourceTitle "CBM 210"]
[Source "ChessBase"]
[SourceDate "2022.10.31"]
[SourceVersion "1"]
[SourceVersionDate "2022.10.31"]
[SourceQuality "1"]
[WhiteTeam "Liberia"]
[BlackTeam "Thailand"]
[WhiteTeamCountry "LBR"]
[BlackTeamCountry "THA"]

1. d4 Nf6 2. f4 d5 3. e3 Bf5 4. Bd3 e6 5. Nf3 Be7 6. 0-0 0-0 7. c3 Bxd3 8. Qxd3 c5 9. Nbd2 Nc6 10. Ne5 Qc7 11. Rf3 Rab8 12. a4 Rfd8 13. Rh3 g6 14. Rf3 a6 15. h3 b5 16. Rf1 Qb6 17. Kh2 b4 18. g4 Kg7 19. Rg1 Ne8 20. g5 Nd6 21. Kg2 Nf5 22. Rh1 Nxe5 23. fxe5 Bxg5 24. Nf3 Be7 25. Bd2 c4 26. Qc2 bxc3 27. bxc3 Qb2 28. Ra2 Qxc2 29. Rxc2 Rb3 30. Ra1 Rdb8 31. Raa2 Rb1 32. Bc1 f6 33. exf6+ Bxf6 34. Kh2 Nd6 35. Kg2 Ne4 36. Nd2 Nxd2 37. Bxd2 h5 38. Rc1 g5 39. a5 Kg6 40. Kf3 Kf5 41. Rcc2 g4+ 42. hxg4+ hxg4+ 43. Kg2 Ke4 44. Bc1 Bh4 45. Ra4 Be1 46. Raa2 R8b3 47. Ba3 Rxc3 48. Rxc3 Bxc3 49. Rf2 Kxe3 50. Rf6 Bb4 51. Rxe6+ Kxd4 52. Rb6 Bxa3 53. Rxb1 c3 54. Rb3 c2 55. Rxa3 c1Q 56. Ra4+ Ke3 57. Rxg4 Qc2+ 58. Kg3 Qf2+ 59. Kh3 Qf3+ 60. Kh4 Qxg4+ 61. Kxg4 d4 0-1

[Event "Phuket Blue Chevaliers op"]
[Site "Phuket"]
[Date "2022.07.13"]
[Round "4"]
[White "Tantipura, Noppakorn"]
[Black "Arunnuntapanich, Tinnakrit"]
[Result "1-0"]
[WhiteElo "2002"]
[BlackElo "2117"]
[PlyCount "61"]
[EventDate "2022.07.11"]
[EventType "swiss"]
[EventRounds "9"]
[EventCountry "THA"]
[SourceTitle "CBM 209 Extra"]
[Source "ChessBase"]
[SourceDate "2022.09.30"]
[SourceVersion "1"]
[SourceVersionDate "2022.09.30"]
[SourceQuality "1"]

1. e4 c5 2. Nf3 d6 3. d4 cxd4 4. Nxd4 Nf6 5. Nc3 a6 6. Bg5 e6 7. f4 Be7 8. Qf3 h6 9. Bh4 Qc7 10. 0-0-0 Nbd7 11. Bf2 g5 12. fxg5 Ne5 13. Qh3 Nfg4 14. Bg1 Bxg5+ 15. Kb1 Bd7 16. Be2 h5 17. Bxg4 Nxg4 18. Qg3 Bf6 19. h3 Ne5 20. Nf5 Nc4 21. Nxd6+ Nxd6 22. Rxd6 Be7 23. e5 Bxd6 24. exd6 Qc4 25. Bb6 Kf8 26. Qg5 Re8 27. Bd8 Qc6 28. Be7+ Rxe7 29. Qxe7+ Kg7 30. Rf1 Be8 31. d7 1-0

[Event "Bangkok Olympiad Qual"]
[Site "Bangkok"]
[Date "2022.06.03"]
[Round "5"]
[White "Arunnuntapanich, Tinnakrit"]
[Black "Laohawirapap, Prin"]
[Result "0-1"]
[WhiteElo "2125"]
[BlackElo "2259"]
[PlyCount "92"]
[EventDate "2022.06.01"]
[EventType "tourn"]
[EventRounds "9"]
[EventCountry "THA"]
[SourceTitle "CBM 208 Extra"]
[Source "ChessBase"]
[SourceDate "2022.07.31"]
[SourceVersion "1"]
[SourceVersionDate "2022.07.31"]
[SourceQuality "1"]

1. d4 Nf6 2. c4 g6 3. Nc3 Bg7 4. e4 d6 5. Nf3 0-0 6. Be2 e5 7. dxe5 dxe5 8. Qxd8 Rxd8 9. Bg5 Re8 10. Nd5 Nxd5 11. cxd5 c6 12. Bc4 b5 13. Bb3 a5 14. a3 a4 15. Ba2 c5 16. Rc1 Na6 17. Nd2 c4 18. Be3 f5 19. f3 Bf8 20. 0-0 f4 21. Bf2 Nc5 22. Bb1 g5 23. Bc2 h5 24. Rfe1 Ra6 25. Kf1 g4 26. Ke2 Rg6 27. Rg1 Bd6 28. Rcf1 Re7 29. h3 g3 30. Be1 Ba6 31. Nb1 c3 32. Kd1 cxb2 33. Bc3 Nd7 34. Bd3 Nb6 35. Bxb2 Nc4 36. Bxc4 bxc4 37. Nc3 Bc5 38. Kc2 Bd4 39. Rb1 Rb7 40. Rgd1 Rb3 41. Nxa4 Bb5 42. Nc3 Bd7 43. Ne2 Rxb2+ 44. Rxb2 Ba4+ 45. Kd2 Bxb2 46. Rb1 Rb6 0-1

[Event "SEA Rapid 31st"]
[Site "Ha Long"]
[Date "2022.05.16"]
[Round "5.5"]
[White "Arunnuntapanich, Tinnakrit"]
[Black "Poh, Yu Tian"]
[Result "0-1"]
[WhiteElo "2125"]
[BlackElo "2081"]
[PlyCount "97"]
[EventDate "2022.05.16"]
[EventType "swiss (rapid)"]
[EventRounds "5"]
[EventCountry "VIE"]
[SourceTitle "CBM 208 Extra"]
[Source "ChessBase"]
[SourceDate "2022.07.31"]
[SourceVersion "1"]
[SourceVersionDate "2022.07.31"]
[SourceQuality "1"]

1. d4 Nf6 2. c4 g6 3. Nc3 d5 4. cxd5 Nxd5 5. e4 Nxc3 6. bxc3 Bg7 7. Nf3 c5 8. Bb5+ Nc6 9. Rb1 cxd4 10. cxd4 0-0 11. d5 Na5 12. 0-0 a6 13. Be2 Bd7 14. Be3 b5 15. Bd4 f6 16. Qd2 Rc8 17. Rfc1 Nb7 18. Qe3 Nd6 19. Bb6 Qe8 20. Nd4 f5 21. exf5 Nxf5 22. Nxf5 Bxf5 23. Rxc8 Qxc8 24. Rc1 Qb7 25. g4 Bd7 26. Rc7 Qxd5 27. Qxe7 Rf7 28. Qd8+ Bf8 29. Bc5 Bc6 30. Qxd5 Bxd5 31. Rxf7 Kxf7 32. Bxf8 Kxf8 33. a3 g5 34. Kf1 Ke7 35. Ke1 Kd6 36. Kd2 Kc5 37. Bd3 h6 38. Ke3 a5 39. f4 gxf4+ 40. Kxf4 b4 41. axb4+ Kxb4 42. Ke5 Bb3 43. h4 a4 44. g5 hxg5 45. hxg5 Kc3 46. Bb1 Kb2 47. Bf5 a3 48. g6 a2 49. Kd4 0-1

[Event "THA-ch 45th"]
[Site "Ayutthaya"]
[Date "2022.04.09"]
[Round "4"]
[White "Kulpruethanon, Thanadon"]
[Black "Arunnuntapanich, Tinnakrit"]
[Result "1/2-1/2"]
[WhiteElo "2303"]
[BlackElo "2128"]
[PlyCount "108"]
[EventDate "2022.04.08"]
[EventType "swiss"]
[EventRounds "9"]
[EventCountry "THA"]
[SourceTitle "CBM 207 Extra"]
[Source "ChessBase"]
[SourceDate "2022.05.31"]
[SourceVersion "1"]
[SourceVersionDate "2022.05.31"]
[SourceQuality "1"]

1. Nf3 g6 2. e4 Bg7 3. d4 d6 4. Nc3 Bg4 5. Be3 Nc6 6. d5 Ne5 7. Be2 Nxf3+ 8. gxf3 Bd7 9. Qd2 c5 10. f4 Qa5 11. h4 h5 12. Rg1 a6 13. a4 b5 14. f5 Bxc3 15. Qxc3 Qxc3+ 16. bxc3 bxa4 17. fxg6 fxg6 18. Rxg6 Nf6 19. f3 Kf7 20. Rg5 Bb5 21. c4 Bd7 22. Kd2 Rab8 23. Kc3 Rhg8 24. Bd3 Be8 25. Rag1 Bd7 26. e5 dxe5 27. Bg6+ Kf8 28. Rxe5 Ng4 29. Rxg4 hxg4 30. Bh6+ Rg7 31. Bd3 Rb6 32. Bxg7+ Kxg7 33. fxg4 Kf6 34. Re4 Rb1 35. g5+ Kf7 36. g6+ Kf8 37. g7+ Kg8 38. Re5 Kxg7 39. Rxe7+ Kf8 40. Rxd7 a3 41. Rd6 a2 42. Rxa6 a1Q+ 43. Rxa1 Rxa1 44. h5 Rh1 45. Bg6 Ke7 46. Kd3 Rh4 47. Ke3 Kf6 48. Kd3 Ke5 49. Kc3 Rh3+ 50. Kb2 Kd6 51. Ka2 Ke5 52. Kb2 Kd6 53. Ka2 Ke5 54. Kb2 Kd6 1/2-1/2

[Event "Bangkok Chinese New Year"]
[Site "Bangkok"]
[Date "2022.02.01"]
[Round "1"]
[White "Taulananda, Anon"]
[Black "Arunnuntapanich, Tinnakrit"]
[Result "0-1"]
[WhiteElo "1569"]
[BlackElo "2159"]
[PlyCount "104"]
[EventDate "2022.02.01"]
[EventType "tourn"]
[EventRounds "7"]
[EventCountry "THA"]
[SourceTitle "CBM 206 Extra"]
[Source "ChessBase"]
[SourceDate "2022.03.31"]
[SourceVersion "1"]
[SourceVersionDate "2022.03.31"]
[SourceQuality "1"]

1. d4 Nf6 2. c4 g6 3. Nc3 Bg7 4. e4 d6 5. h3 Nbd7 6. Nf3 e5 7. Be2 c6 8. Be3 Qe7 9. d5 Nc5 10. Nd2 a5 11. dxc6 bxc6 12. Bxc5 dxc5 13. Qa4 Qb7 14. Nb3 Nd7 15. Bg4 Bf8 16. Bxd7+ Bxd7 17. Rd1 Be7 18. Qa3 Qb4 19. Qa4 Ra6 20. a3 Qb6 21. 0-0 Ra7 22. Rd2 0-0 23. Nc1 Be6 24. Nd3 Rd8 25. Rfd1 Rad7 26. Qc2 Bg5 27. Na4 Qa7 28. Naxc5 Bxd2 29. Nxd7 Rxd7 30. Nxe5 Bg5 31. Nxd7 Bxd7 32. Qa4 Qc7 33. b4 axb4 34. axb4 Be7 35. Qa8+ Kg7 36. Qa1+ f6 37. Qd4 Be6 38. c5 Kf7 39. Qd2 Qe5 40. Qe3 Kg7 41. Qd4 Qb8 42. Qc3 h5 43. Re1 h4 44. e5 f5 45. Qd4 Kf7 46. g3 hxg3 47. fxg3 Qh8 48. Kg2 Qh5 49. b5 Bd5+ 50. Kh2 Qf3 51. e6+ Kg8 52. Qd2 f4 0-1

[Event "Bangkok Thailand op"]
[Site "Bangkok"]
[Date "2021.12.22"]
[Round "9"]
[White "Arunnuntapanich, Tinnakrit"]
[Black "Laohawirapap, Prin"]
[Result "0-1"]
[WhiteElo "2094"]
[BlackElo "2125"]
[PlyCount "112"]
[EventDate "2021.12.15"]
[EventType "swiss"]
[EventRounds "9"]
[EventCountry "THA"]
[SourceTitle "CBM 206 Extra"]
[Source "ChessBase"]
[SourceDate "2022.03.31"]
[SourceVersion "1"]
[SourceVersionDate "2022.03.31"]
[SourceQuality "1"]

1. d4 Nf6 2. c4 g6 3. Nc3 Bg7 4. e4 d6 5. Nf3 0-0 6. Be2 Nbd7 7. h3 e5 8. d5 Nc5 9. Qc2 a5 10. g4 Ne8 11. Bg5 f6 12. Be3 f5 13. gxf5 gxf5 14. Bg5 Qd7 15. Nd2 Nf6 16. Be3 b6 17. 0-0-0 fxe4 18. Ndxe4 Ncxe4 19. Nxe4 Nxe4 20. Qxe4 Qa4 21. Qb1 Bf5 22. b3 Bxb1 23. bxa4 Bg6 24. h4 Be8 25. Rdg1 Kh8 26. Bd1 Bd7 27. Rg3 Bf6 28. Bg4 Bxg4 29. Rxg4 Rg8 30. f3 h5 31. Rgg1 Rxg1+ 32. Rxg1 Rg8 33. Rxg8+ Kxg8 34. Bf2 Kf7 35. Kd2 Kg6 36. Ke3 Kf5 37. Be1 Bg7 38. Bg3 Bh6+ 39. Kd3 Bf4 40. Be1 Bh2 41. Bd2 Bf4 42. Be1 Bc1 43. Bg3 Bf4 44. Be1 e4+ 45. fxe4+ Kg4 46. c5 dxc5 47. Bc3 Kxh4 48. e5 Kg5 49. e6 Bd6 50. Be5 Kg6 51. Ke4 h4 52. Bc3 h3 53. Kf3 Kf5 54. a3 c6 55. dxc6 Kxe6 56. Be1 Kd5 0-1

[Event "Bangkok Thailand op"]
[Site "Bangkok"]
[Date "2021.12.17"]
[Round "5"]
[White "Arunnuntapanich, Tinnakrit"]
[Black "Causo, Deniel"]
[Result "1-0"]
[WhiteElo "2094"]
[BlackElo "2277"]
[PlyCount "118"]
[EventDate "2021.12.15"]
[EventType "swiss"]
[EventRounds "9"]
[EventCountry "THA"]
[SourceTitle "CBM 206 Extra"]
[Source "ChessBase"]
[SourceDate "2022.03.31"]
[SourceVersion "1"]
[SourceVersionDate "2022.03.31"]
[SourceQuality "1"]

1. d4 d5 2. c4 c6 3. Nc3 dxc4 4. a4 e5 5. Nf3 exd4 6. Qxd4 Qxd4 7. Nxd4 Bc5 8. e3 Bxd4 9. exd4 Be6 10. Ne4 Na6 11. Bxc4 Bxc4 12. Nd6+ Ke7 13. Nxc4 Nf6 14. Bg5 h6 15. Bxf6+ Kxf6 16. 0-0-0 Nb4 17. Rhe1 Rhe8 18. Re3 Re6 19. Rf3+ Kg6 20. Ne5+ Kh7 21. Rxf7 b6 22. f4 Rf6 23. Rxf6 gxf6 24. Nd3 Nd5 25. Re1 Kg6 26. Re6 Kf5 27. Rxc6 Ke4 28. Kd2 Kxd4 29. b3 Ke4 30. Rc4+ Kf5 31. Rd4 Nc7 32. Ke3 Ke6 33. g4 Rg8 34. f5+ Ke7 35. Nf4 Rc8 36. Ng6+ Ke8 37. Rd6 Rd8 38. Rxd8+ Kxd8 39. Nf4 Kd7 40. Kd4 Kd6 41. Nh5 Ne8 42. Ng3 Kc6 43. Ne4 a6 44. b4 Kd7 45. Nc3 Kd6 46. Nd5 b5 47. a5 Kc6 48. h4 h5 49. gxh5 Ng7 50. Nxf6 Nxf5+ 51. Ke5 Nxh4 52. Kf4 Kd6 53. Kg4 Ng2 54. h6 Ne3+ 55. Kg5 Nc4 56. Ng4 Ke6 57. h7 Nd6 58. Nh6 Ne4+ 59. Kf4 Kd5 1-0

[Event "Bangkok Thailand op"]
[Site "Bangkok"]
[Date "2021.12.16"]
[Round "3"]
[White "Arunnuntapanich, Tinnakrit"]
[Black "Kulpruethanon, Thanadon"]
[Result "1/2-1/2"]
[WhiteElo "2094"]
[BlackElo "2278"]
[PlyCount "148"]
[EventDate "2021.12.15"]
[EventType "swiss"]
[EventRounds "9"]
[EventCountry "THA"]
[SourceTitle "CBM 206 Extra"]
[Source "ChessBase"]
[SourceDate "2022.03.31"]
[SourceVersion "1"]
[SourceVersionDate "2022.03.31"]
[SourceQuality "1"]

1. d4 d5 2. c4 c6 3. Nc3 Nf6 4. Nf3 e6 5. Bg5 Nbd7 6. e3 Qa5 7. Bxf6 Nxf6 8. Qb3 Bd6 9. Bd3 0-0 10. 0-0 dxc4 11. Bxc4 e5 12. dxe5 Bxe5 13. Nxe5 Qxe5 14. Rae1 b5 15. Bd3 Be6 16. Qc2 Rad8 17. b3 a6 18. Ne4 Nxe4 19. Bxe4 f5 20. Bf3 c5 21. Rc1 Rc8 22. Be2 Rc7 23. Qc3 Qxc3 24. Rxc3 Rfc8 25. Rfc1 Kf7 26. Kf1 Ke7 27. Ke1 g5 28. h3 h5 29. Bxh5 b4 30. R3c2 c4 31. bxc4 Rxc4 32. Rxc4 Rxc4 33. Rxc4 Bxc4 34. Be2 Bd5 35. Bxa6 Bxg2 36. Kd2 Bxh3 37. Kc2 Kd6 38. Kb3 Kc5 39. Bc8 Bg4 40. Kb2 Kd5 41. Kc2 Be2 42. Bxf5 Bc4 43. Bc8 Be2 44. Bf5 Bc4 45. Kb2 Ke5 46. Bc2 Bd5 47. Bd3 Be6 48. a3 bxa3+ 49. Kxa3 Bh3 50. Kb2 Bg2 51. Kc3 Bf3 52. Kd2 Bc6 53. Ke2 Bb7 54. Kf1 Bc6 55. Kg1 Bd7 56. Kh2 Be6 57. Kg3 Bd7 58. Be2 Be6 59. Bg4 Bf7 60. Bc8 Bh5 61. Bd7 Bd1 62. Bc6 Bh5 63. Bf3 Be8 64. Kg4 Kf6 65. Be4 Bf7 66. Bd3 Be8 67. e4 Bd7+ 68. Kh5 Be8+ 69. Kh6 g4 70. Be2 Bc6 71. e5+ Kxe5 72. Kg5 Ke6 73. Bxg4+ Kf7 74. f4 Kf8 1/2-1/2